1133 1728 1474 1912 1235 1654 1689 1555 1855 1130 1262 1819 1336 1972 1201 1236 1394 1580 1965 1786 1817 1612 1601 1225 1173 1688 1436 1202 1164 1625 1348 1701 1825 1611 1771 1989 1836 1093 1769 1892 1674 1378 1085 1882 1755 1615 1368 1846 1596 1982 1854 1955 1572 1126 1366 1282 1596 1150 1242 1932 1538 1099 1863 1099 1402 1825 1051 1946 1827 1964 1089 1233 1908 1367 1415 1146 1846 1860 1191 1165 1039 1851 1769 1714 1868 1788 1924 1643 1404 1981 1308 1772 1372 1862 1590 1157 1016 1720 1804 BCNSPRNW ULIB Ver.6.0+V

เปลี่ยนเป็นภาษาไทย

Change to English
 แสดงรายละเอียดบรรณานุกรม
  กลับหน้าหลัก

Brief Record : Get Marc (ISO 2709) : E-mail record : QR code < ปิดหน้าต่าง
LEADER : 00000nam 2200000uu 4500
001    13399112663
003     ULIB
008    110830s2545||||th 000 0 tha d
020    9747285983
050  4 JQ1745.A55.C6^bค87ป 2545
245 00 โครงการประเทศไทยใสสะอาด
250    พิมพ์ครั้งที่ 1
260    กรุงเทพฯ :^bสำนักงาน ก.พ.,^c2545
300    101 หน้า :^bภาพประกอบสี ;^c19x21 ซม.
650  4 การทุจริตและประพฤติมิชอบ
650  4 การทุจริตและประพฤติมิชอบในวงราชการ
710 2  สำนักงานคณะกรรมการข้าราชการพลเรือน
945    ^p0^l0^i016579
995    ทศพร
999 ^a ทศพร
รายการนี้ยังไม่มีแท็ก
คุณยังไม่ได้ล็อกอิน คุณสามารถมีกิจกรรมร่วมกับเว็บไซต์ได้ แต่ต้องล็อกอินก่อน ::
  ล็อกอิน

รายการสื่อสารสนเทศ

ลำดับที่ ประเภท เลขเรียก/บาร์โค้ด สถานที่ สถานะ
- ไม่พบข้อมูล -

BibComment


ยังไม่เคยถูกคอมเมนท์

คอมเมนท์ทรัพยากรรายการนี้
  คอมเมนท์: โครงการประเทศไทยใ..


 Copyright 2026. Bcnsprnw @Library